000 00550nam a2200181 a 4500
001 000031265
005 20200930062818.0
008 110617s2010 dr 000 0 spa d
040 _aDO-SdBNP
_bspa
_cBNPHU
082 _axxxx
_bC352
100 1 _aCastillo, Pelegrín
_921834
245 1 0 _aFuerza Nacional Progresista :
_bDe cara al futuro. /
_cPelegrín Castillo.
260 _aSanto Domingo :
_bAmigo Hogar,
_c[201?].
300 _a36 p. ;
_c21 cm.
490 1 _aPensamiento progresista
830 0 _aPensamiento progresista
_957734
049 _aBNPD
999 _c30757
_d30757